000 00582 a2200229 4500
005 20260327095438.0
008 260225b |||||||| |||| 00| 0 eng d
020 _a9780000989031
_cRs. 1095.00
040 _aMAIN
082 _a535.076
_bL629P
100 _a Lim, Swee Cheng
245 _aProblems and solutions on optics
250 _a2nd
260 _bWorld Scientific
_c2023
_aSingpore
300 _axi, 225
650 _aLight
650 _aPhysical Optics
650 _aGeometrical Optics
700 _aLai, Choy Heng
700 _aKwek, Leong Chuan
942 _cBK
999 _c396427
_d396427